Matemática 1º medio: cuaderno de ejericios

Salvato in:
Dettagli Bibliografici
Autori principali: Setz Mena, Javiera (Autore), Galasso Díaz, Bastián (Autore)
Natura: Libro
Lingua:spagnolo
Pubblicazione: Santiago Santillana del Pacífico 2017
Edizione:1a. ed
Soggetti:
Tags: Aggiungi Tag
Nessun Tag, puoi essere il primo ad aggiungerne!!

MARC

LEADER 00000cam a2200000 a 4500
001 UCD9884
003 CL-VaPUC
008 170709e20170000cl |||||||||||||||||spa|d
020 |a 9789561530393 
082 0 4 |a 510.712  |b SET  |2 21 
100 0 |a Setz Mena, Javiera  |e author  |9 593692 
700 0 |a Galasso Díaz, Bastián  |e author  |9 593693 
245 1 0 |a Matemática 1º medio: cuaderno de ejericios 
250 |a 1a. ed 
300 |a 96 p 
942 |c BK 
945 |d 20170709 17:01:00  |a arojas 
260 |a Santiago  |b Santillana del Pacífico  |c 2017 
650 0 |a Matemáticas  |x Enseñanza  |9 875527 
650 0 |a Textos escolares  |9 382843 
650 0 |a Libros de texto  |9 270019 
583 |a last modification  |c 20170709 17:01:00  |k Rodrigo Vera 
999 |c 368896  |d 368894 
952 |0 0  |1 0  |3 erb  |4 0  |6 510_712000000000000_SET_2017  |7 0  |8 A  |9 484365  |a BIBEDU  |b BIBEDU  |i 5405645  |o 510.712 SET 2017  |p 5405645  |r 2019-11-24  |w 2019-11-24  |y BK  |z Catalogado en:20170709  |k EPE